| 000 | 00533nam a2200145Ia 4500 | ||
|---|---|---|---|
| 008 | 140724s9999 xx 000 0 und d | ||
| 050 |
_aHG 1601 _b.B553 2013 |
||
| 100 | _aBerza, Kayra Marie. | ||
| 245 |
_aFranchise or Company - owned : _bwhich type of store has greater impact on Master Sioma's profitability? / _cKayra Marie Berza. |
||
| 260 |
_aLas PiƱas, Philippines : _bSouthville International School and Colleges, _cc2013. |
||
| 300 |
_a88 p. : _bcol. ill. ; _c28 cm. |
||
| 521 | _aMarketing | ||
| 942 | _cTH | ||
| 999 |
_c228668 _d228668 |
||